000 01012nas a2200313 4500
001 BR0304035
003 BR-BrBNA
005 20231205103958.0
007 ta
008 230509b bl.|||p| |||| 00| 00por d
040 _aBR-BrBNA
_bpor
_cBiblioteca Nacional de Agricultura
041 _a(Pt)
072 _aF02
100 1 _aRamos, J.D.
100 1 _aMatos, L.E.S.
100 1 _aGontijo, T.C.A.
100 1 _aJunqueira, R.P.K.P.
100 1 _aSantos, F.C.
245 1 _aEnraizamento de estacas herbáceas de 'Mirabolano' (Prunus cerasifera Ehrn)em diferentes substratos e concentrações de ácido indolbutírico
650 _aAMEIXA
650 _aENRAIZAMENTO DE ESTACA
650 _aÁCIDO INDOLBUTÍRICO
650 _aSUBSTRATO DE CULTURA
650 _aMICROPROPAGAÇÃO
650 _aPORTA ENXERTO
773 0 _tRevista Brasileira de Fruticultura (Brazil)
_xISSN 0100-2945
_g(Apr 2003), v. 25(1) p. 189-191
_wBR0304035
909 _a202311
_bLúcia
_c55
_dLúcia Elande
942 _2AGRIS
_n0
_cANA
999 _c175770
_d175770